• 首页
  • 本馆介绍
  • 公告通知
  • 最新文献
  • 馆藏检索
  • 电子资源
  • 读者导购
  • 参考咨询
  • 我的图书馆
  • 登录
  • 详细信息显示
  • 放入我的书架
  • 预约/预借图书
  • 作者相关作品
  • 分类相关作品
  • 丛书相关作品
  • 出版社相关作品

书目信息

  • 表格格式
  • 工作单格式
  • 卡片格式
题名:
种植致富新门路200条
    
 
作者: 马立新 主编
分册:  
出版信息: 北京   化学工业出版社  2015.01
页数: 339页
开本: 21cm
丛书名:
单 册:
中图分类: S , S3
科图分类:
主题词: 种植业--农业技术 , 农学
电子资源:
ISBN: 978-7-122-22293-0
000 00848nam0 2200241 450
001 3789
005 20181008150437.51
010    @a978-7-122-22293-0@dCNY38.00
100    @a20150712d2015 em y0chiy50 ea
101 0  @achi
102    @aCN@b110000
105    @ay z 000yy
200 1  @a种植致富新门路200条@9zhong zhi zhi fu xin men lu 200 tiao@f马立新主编
210    @a北京@c化学工业出版社@d2015.01
215    @a339页@d21cm
330    @a本书分为综合类、果树类、蔬菜花卉类、食用菌类和中药材类等5篇,介绍了这五类高效种植业中的新品种、新技术、新成果等200条。每条内容有针对性和侧重性地介绍了农业良种特性、关键栽培技术、市场风险和经济效益分析、发展建议等内容。
606 0  @a种植业@x农业技术
606 0  @a农学
690    @aS@v5
690    @aS3@v4
701  0 @a马立新@9ma li xin@4主编
801  0 @aCN@b91MARC@c20150712
905    @aMuseLib@dS3@e53
    
    种植致富新门路200条/马立新主编.-北京:化学工业出版社,2015.01
    339页;21cm
    
    
    ISBN 978-7-122-22293-0:CNY38.00
    本书分为综合类、果树类、蔬菜花卉类、食用菌类和中药材类等5篇,介绍了这五类高效种植业中的新品种、新技术、新成果等200条。每条内容有针对性和侧重性地介绍了农业良种特性、关键栽培技术、市场风险和经济效益分析、发展建议等内容。
●
相关链接 在E读中查询图书 在五车中查询图书 在当当中查询图书 在豆瓣中查询图书


正题名:种植致富新门路200条     索取号:S3/53         预约/预借

序号 登录号 条形码 馆藏地/架位号 状态 备注
1 1123732   211237320   第二样本阅览室/ [索取号:S3/53] 在馆    
2 1123733   211237339   第三借阅区/ [索取号:S3/53] 在馆    
3 1123734   211237348   第三借阅区/ [索取号:S3/53] 在馆    
4 1123735   211237357   第三借阅区/ [索取号:S3/53] 在馆    
5 1123736   211237366   第三借阅区/ [索取号:S3/53] 在馆    
唐山师范学院图书馆 欢迎您!
大连网信软件有限公司© 版权所有